| 000 | 00559nam a2200169 a 4500 | ||
|---|---|---|---|
| 005 | 20230518063721.0 | ||
| 008 | 991125s1948 mx 000 0 spa u | ||
| 035 | _aUPN01000004761 | ||
| 049 | _aSEP | ||
| 050 | 4 |
_aLC149 M6 _bA8.3 |
|
| 245 | 0 | 0 |
_aAspectos de la obra educativa : _balfabetización y construcción de escuelas. |
| 260 |
_aMéxico : _bSEP, Dirección General de Alfabetización y Educación Extraescolar, _c1948. |
||
| 300 | _a47 p. | ||
| 650 | 2 |
_aAnalfabetismo _zMéxico _94922 |
|
| 650 | 4 |
_aESCUELAS - _xEDIFICIOS - _zMEXICO _921699 |
|
| 905 | _aLibro | ||
| 999 |
_c4761 _d4761 |
||